<?xml version="1.0" encoding="UTF-8"?>
<marc:record xmlns:marc="http://www.loc.gov/MARC21/slim">
   <marc:leader>00000nam a2200000 a 4500</marc:leader>
   <marc:datafield ind1="1" ind2=" " tag="100">
      <marc:subfield code="a">Winnewisser, Sylvia</marc:subfield>
      <marc:subfield code="4">ctb</marc:subfield>
      <marc:subfield code="e">Mitwirkende/-r</marc:subfield>
   </marc:datafield>
   <marc:datafield ind1=" " ind2=" " tag="653">
      <marc:subfield code="a">Kalte Küche</marc:subfield>
   </marc:datafield>
   <marc:datafield ind1=" " ind2=" " tag="653">
      <marc:subfield code="a">Trinken/Themenkochbücher</marc:subfield>
   </marc:datafield>
   <marc:datafield ind1=" " ind2=" " tag="653">
      <marc:subfield code="a">Kochbuch</marc:subfield>
   </marc:datafield>
   <marc:datafield ind1="0" ind2="0" tag="245">
      <marc:subfield code="a">Kalte Platten</marc:subfield>
   </marc:datafield>
   <marc:datafield ind1="0" ind2="0" tag="245">
      <marc:subfield code="c">Rezepte: Sylvia Winnewisser. Fotos: TLC Fotostudio</marc:subfield>
   </marc:datafield>
   <marc:datafield ind1=" " ind2="1" tag="264">
      <marc:subfield code="a">Köln</marc:subfield>
      <marc:subfield code="b">NGV</marc:subfield>
   </marc:datafield>
   <marc:datafield ind1="1" ind2=" " tag="520">
      <marc:subfield code="a">Angaben aus der Verlagsmeldung

Kalte Platten

In diesem Buch finden Sie viele raffinierte Anregungen für kalte Platten mit Käse-, Fleisch-, Fisch- und Gemüsespezialitäten. Jede Platte eine Hingucker, jede kulinarische Köstlichkeit ein Gaumenschmaus. Besonderes Augenmerk wurde auf die Garnierung und die Komposition der Platten gelegt. Ob Geburtstagsparty, Mottofest, Familienfeier oder ungezwungenes Zusammensein mit guten Freunden - mit den hübsch dekorierten Platten aus diesem Buch landen Sie zu jedem Anlass einen Volltreffer.
</marc:subfield>
   </marc:datafield>
   <marc:datafield ind1=" " ind2=" " tag="020">
      <marc:subfield code="a">9783625114109</marc:subfield>
      <marc:subfield code="9">9783625114109</marc:subfield>
   </marc:datafield>
   <marc:datafield ind1=" " ind2=" " tag="020">
      <marc:subfield code="a">3625114100</marc:subfield>
      <marc:subfield code="9">3625114100</marc:subfield>
   </marc:datafield>
   <marc:datafield ind1=" " ind2=" " tag="041">
      <marc:subfield code="a">ger</marc:subfield>
   </marc:datafield>
   <marc:datafield ind1=" " ind2=" " tag="300">
      <marc:subfield code="a">157 S.</marc:subfield>
   </marc:datafield>
</marc:record>
